States in the Central Time Zone - Statistics

General Stats
  • This quiz has been taken 25 times
    18 since last reset
  • The average score is 15 of 20
Answer Stats
State % Correct
Kansas
94%
Iowa
88%
Minnesota
88%
Missouri
88%
Texas
88%
Alabama
81%
Louisiana
81%
Mississippi
81%
North Dakota
81%
Oklahoma
81%
South Dakota
81%
Florida
75%
Illinois
75%
Kentucky
75%
Tennessee
75%
Arkansas
69%
Nebraska
69%
Wisconsin
69%
Indiana
63%
Michigan
44%
No matching quizzes found
Score Distribution
Percent of People with Each Score
Percentile by Number Answered
Your Score History
You have not taken this quiz since the last reset